000
00300nam a22001217a 4500
040
_c
SK
082
_a
631
100
_a
សួស ចំណាន
245
_a
Agriculture machinery; ម៉ាស៊ីនកសិកម្ម ១
260
_a
RUA
_b
សួស
_c
2008
300
_a
42p.
942
_c
KB
999
_c
10115
_d
10115